Catálogo público

Memorias del XI Simposium-Taller Nacional y VI Internacional Producción y aprobechamiento de nopal y maguey: desarrollo y bienestrar sustentable a travéz del nopal y maguey / coordinación editorial E. Vázquez-Alvarado, F. Blanco-Macias ...[et. al.] (Record no. 217130)

MARC details
000 -CABECERA
campo de control de longitud fija 01549nam a2200337Ia 4500
001 - NÚMERO DE CONTROL
campo de control Z_6386
008 - DATOS DE LONGITUD FIJA--INFORMACIÓN GENERAL
campo de control de longitud fija 220601s9999 xx 000 0 und d
082 ## - NÚMERO DE LA CLASIFICACIÓN DECIMAL DEWEY
Número de clasificación 583.47 S56
111 ## - ENTRADA PRINCIPAL--NOMBRE DE CONGRESO/REUNIÓN
Nombre de congreso/reunión o jurisdicción como elemento de entrada Simposium Taller Nacional y Internaconal Producción y Aprovechamiento de Nopal y Maguey (11: 2012 Octubre 12-13: Nuevo León, México)
9 (RLIN) 183630
245 ## - MENCIÓN DE TÍTULO
Título Memorias del XI Simposium-Taller Nacional y VI Internacional Producción y aprobechamiento de nopal y maguey: desarrollo y bienestrar sustentable a travéz del nopal y maguey / coordinación editorial E. Vázquez-Alvarado, F. Blanco-Macias ...[et. al.]
260 ## - PUBLICACIÓN, DISTRIBUCIÓN, ETC.
Lugar de publicación, distribución, etc. México : Universidad Autónoma de Nuevo León: Facultad de Agronomía
300 ## - DESCRIPCIÓN FÍSICA
Extensión 236 p.
503 ## - NOTA DE HISTORIA BIBLIOGRÁFICA (BK CF MU) [OBSOLETO]
Nota de historia bibliográfica ej.1. Donación
504 ## - NOTA DE BIBLIOGRAFÍA, ETC.
Nota de bibliografía, etc. Incluye bibliografía e índice
650 ## - PUNTO DE ACCESO ADICIONAL DE MATERIA--TÉRMINO DE MATERIA
Término de materia o nombre geográfico como elemento de entrada 1. Cactasea
650 ## - PUNTO DE ACCESO ADICIONAL DE MATERIA--TÉRMINO DE MATERIA
Término de materia o nombre geográfico como elemento de entrada Cactaseas como forraje
650 ## - PUNTO DE ACCESO ADICIONAL DE MATERIA--TÉRMINO DE MATERIA
Término de materia o nombre geográfico como elemento de entrada Nopal forrajero
650 ## - PUNTO DE ACCESO ADICIONAL DE MATERIA--TÉRMINO DE MATERIA
Término de materia o nombre geográfico como elemento de entrada Agave como forraje
650 ## - PUNTO DE ACCESO ADICIONAL DE MATERIA--TÉRMINO DE MATERIA
Término de materia o nombre geográfico como elemento de entrada Nopal-Rendimiento
650 ## - PUNTO DE ACCESO ADICIONAL DE MATERIA--TÉRMINO DE MATERIA
Término de materia o nombre geográfico como elemento de entrada Nopal-Fisiologia y Morfologia
650 ## - PUNTO DE ACCESO ADICIONAL DE MATERIA--TÉRMINO DE MATERIA
Término de materia o nombre geográfico como elemento de entrada Nopal-Mejoramiento
650 ## - PUNTO DE ACCESO ADICIONAL DE MATERIA--TÉRMINO DE MATERIA
Término de materia o nombre geográfico como elemento de entrada Nopal -- Aprovechamiento
700 ## - PUNTO DE ACCESO ADICIONAL--NOMBRE DE PERSONA
Nombre de persona Vázquez-Alvarado, R. E., coor. \ Blanco Macías, F., coor.
9 (RLIN) 183632
710 ## - PUNTO DE ACCESO ADICIONAL--NOMBRE DE ENTIDAD CORPORATIVA
Nombre de entidad corporativa o nombre de jurisdicción como elemento de entrada Universidad Autónoma de Nuevo León (México).
9 (RLIN) 183633
711 ## - PUNTO DE ACCESO ADICIONAL--NOMBRE DE REUNIÓN/CONGRESO
Nombre de congreso/reunión o jurisdicción como elemento de entrada Simposium Taller Nacional y IV Internaconal Producción y Aprovechamiento de Nopal y Maguey (11: 2012 Octubre 12-13: Nuevo León, México) Ì
9 (RLIN) 183634
901 ## - ELEMENTOS DE DATOS A LOCAL LDA (RLIN)
a 583.47 S56
902 ## - ELEMENTOS DE DATOS B LOCAL, LDB (RLIN)
a M
905 ## - ELEMENTOS DE DATOS E LOCAL, LDE (RLIN)
a 5232272012 mx amn 8221313311spa16
942 ## - ELEMENTOS DE PUNTO DE ACCESO ADICIONAL (KOHA)
Tipo de ítem Koha Libro_
Holdings
Estado de retiro Estado de pérdida Fuente del sistema de clasificación o colocación Estado dañado No para préstamo Código de colección Localización permanente Ubicación/localización actual Ubicación en estantería Fecha de adquisición Total de préstamos Código de barras Fecha visto por última vez Número de copia Precio válido a partir de Tipo de ítem Koha
    Dewey Decimal Classification     General Zootecnia Zootecnia   07/10/2013   z_6147 02/06/2022 1 02/06/2022 Libro